| 000 | 00495nam a22001817a 4500 | ||
|---|---|---|---|
| 003 | SEACOMMC | ||
| 005 | 20231109093004.0 | ||
| 008 | 231109b |||||||| |||| 00| 0 eng d | ||
| 020 | _cRs. 240.00 | ||
| 040 | _aSEACOMMC | ||
| 082 |
_a003.3401 _bMIS |
||
| 100 | 1 | _aMishra, Jibitesh | |
| 245 | 1 |
_aDesign of information systems _ba modern approach _cJibitesh Mishra and Ashok Mohanty |
|
| 260 |
_aNew Delhi _bNarosa _c2000 |
||
| 650 | _aComputer science | ||
| 700 | 1 | _aMohanty, Ashok | |
| 942 | _cBOOK | ||
| 999 |
_c335 _d335 |
||